Statistics for Family Answers Quiz

Click here to take the quiz!

General Stats

  • This quiz has been taken 30,027 times
    (15,632 since last reset)
  • The average score is 12 of 20

Answer Stats

HintAnswer% Correct
Popular variety of green appleGranny Smith
87%
He wants YOU for U.S. ArmyUncle Sam
87%
Famous nun of CalcuttaMother Teresa
85%
Man who buys gifts for a younger womanSugar Daddy
79%
ABBA musicalMamma Mia
76%
One's first languageMother Tongue
72%
German fairy tale compilersBrothers Grimm
72%
Movie starring Whoopi as a nunSister Act
70%
Groucho, Harpo, etc…Marx Brothers
66%
Material made from oyster shellsMother of Pearl
58%
"Nineteen Eighty-Four" antagonistBig Brother
55%
Anti-slavery novel
by Harriet Beecher Stowe
Uncle Tom's
Cabin
49%
Nursery rhyme authorMother Goose
46%
GaiaMother Earth
46%
She became a pillar of saltLot's Wife
44%
Name for a basement apartmentMother-in-Law
37%
Nickname of serial killer David BerkowitzSon of Sam
37%
Movie about Loretta LynnCoal Miner's
Daughter
36%
Horror movie featuring ChuckyChild's Play
34%
They're not gonna take it. No!
They ain't gonna take it
Twisted Sister
32%

Score Distribution

Percentile by Number Answered

Percent of People with Each Score

Your Score History

You have not taken this quiz since the last reset